[Event "Oberliga Ost B 2023 2024"]
[Site "?"]
[Date "2024.01.13"]
[Round "4.4"]
[Board "2"]
[White "Zienert, Richard"]
[Black "Hebbering, Tom Elliot"]
[Result "1-0"]
[WhiteElo "2259"]
[BlackElo "2200"]
[PlyCount "109"]
[EventDate "2023.10.22"]
[EventType "team-tourn"]
[EventCountry "GER"]
[WhiteTeam "Marburg SK"]
[BlackTeam "Gernsheim SK"]
[WhiteTeamCountry "GER"]
[BlackTeamCountry "GER"]

1. e4 e5 2. Nf3 Nc6 3. Bb5 a6 4. Ba4 Nf6 5. d3 d6 6. O-O b5 7. Bb3 Na5 8. Nc3 Be7 9. a3 Nxb3 10. cxb3 O-O 11. Bg5 Bb7 12. b4 Rc8 13. Rc1 Re8 14. Re1 h6 15. Bxf6 Bxf6 16. Nd5 Be7 17. Re2 Bf8 18. Nd2 c6 19. Ne3 a5 20. bxa5 Qxa5 21. Qb3 d5 22. h4 d4 23. Nf5 g6 24. Ng3 h5 25. Nf3 c5 26. Ng5 Rc7 27. Rec2 Rec8 28. Nf1 Qa4 29. Qa2 c4 30. Nd2 c3 31. bxc3 Qxa3 32. c4 Qxa2 33. Rxa2 Bb4 34. Ngf3 Bxd2 35. Nxd2 bxc4 36. Rxc4 Rxc4 37. dxc4 Kf8 38. Ra7 Bc6 39. Kf1 Ke8 40. Ke2 Bd7 41. Kd3 Be6 42. g3 Rc5 43. f4 f6 44. fxe5 fxe5 45. Ra4 Ke7 46. Nf3 Bg4 47. Ra7+ Kf8 48. Ra1 Be6 49. Nxe5 Rxe5 50. Kxd4 Rxe4+ 51. Kxe4 Bxc4 52. Kf4 Bd3 53. Kg5 Kf7 54. Ra7+ Kg8 55. Kh6 1-0

[Event "Oberliga Ost B 2023 2024"]
[Site "?"]
[Date "2024.01.13"]
[Round "4.4"]
[Board "3"]
[White "Dietz, Holger"]
[Black "Dorst, Johannes"]
[Result "1-0"]
[WhiteElo "2263"]
[BlackElo "2242"]
[PlyCount "155"]
[EventDate "2023.10.22"]
[EventType "team-tourn"]
[EventCountry "GER"]
[WhiteTeam "Gernsheim SK"]
[BlackTeam "Marburg SK"]
[WhiteTeamCountry "GER"]
[BlackTeamCountry "GER"]

1. e4 c5 2. Nf3 Nc6 3. Bb5 g6 4. O-O Bg7 5. Re1 Nf6 6. c3 O-O 7. d4 d5 8. exd5 Qxd5 9. dxc5 Qxc5 10. Na3 Rd8 11. Qa4 Ng4 12. Be3 Nxe3 13. Rxe3 Bf5 14. Rae1 Bf6 15. b4 Qd6 16. Nc4 Qc7 17. Bxc6 bxc6 18. Nce5 c5 19. Nc6 Re8 20. b5 a6 21. bxa6 Kf8 22. Nce5 Bc8 23. Qf4 Kg8 24. Nxg6 Qxf4 25. Nxf4 Rd8 26. Nh5 Be6 27. Nxf6+ exf6 28. h3 Rxa6 29. R1e2 Kf8 30. Nd2 Rxa2 31. Ne4 Ra1+ 32. Kh2 c4 33. Nxf6 Kg7 34. Nh5+ Kf8 35. g4 Rc1 36. Nf4 Bc8 37. Kg3 Ba6 38. Ra2 Rd6 39. Ra5 h6 40. Rae5 Rd8 41. Rc5 Rc8 42. Rce5 Rg1+ 43. Kh4 Rf1 44. Rf5 Rc6 45. Ne6+ Kg8 46. Nd4 Rc7 47. Rf6 Bc8 48. Nb5 Rc5 49. Nd4 Kg7 50. Rf4 Rc7 51. Re8 Rc1 52. Rf3 Bb7 53. Rfe3 Rf1 54. Nf5+ Kh7 55. R8e7 Rxe7 56. Rxe7 Bg2 57. Rxf7+ Kg6 58. Rf8 Rc1 59. Rh8 Rxc3 60. Rxh6+ Kf7 61. Ne3 Be4 62. Kg5 Rc1 63. Rd6 c3 64. Rd4 Bb1 65. Rc4 Ke6 66. h4 Ba2 67. Ra4 Bb3 68. Ra6+ Ke5 69. Rc6 Kd4 70. h5 Rh1 71. Kg6 Ba2 72. h6 Bb1+ 73. Kg7 Rh2 74. Rf6 Ke5 75. g5 Rh5 76. g6 Rxh6 77. f4+ Ke4 78. Re6+ 1-0

[Event "Oberliga Ost B 2023 2024"]
[Site "?"]
[Date "2024.01.13"]
[Round "4.4"]
[Board "4"]
[White "Baum, Bernd"]
[Black "Braun, Vitali"]
[Result "1/2-1/2"]
[WhiteElo "2211"]
[BlackElo "2342"]
[PlyCount "74"]
[EventDate "2023.10.22"]
[EventType "team-tourn"]
[EventCountry "GER"]
[WhiteTeam "Marburg SK"]
[BlackTeam "Gernsheim SK"]
[WhiteTeamCountry "GER"]
[BlackTeamCountry "GER"]

1. c4 e5 2. Nc3 Nf6 3. Nf3 Nc6 4. d3 Bb4 5. Bd2 O-O 6. g3 d5 7. cxd5 Nxd5 8. Bg2 Nb6 9. O-O Re8 10. Rc1 Bg4 11. h3 Bh5 12. Ne4 Bxd2 13. Nfxd2 Nd5 14. Nc5 Nd4 15. Re1 Rb8 16. Nde4 c6 17. g4 Bg6 18. e3 Ne6 19. a3 Nxc5 20. Rxc5 Qe7 21. Rc1 Rbd8 22. Qa4 a6 23. Qb3 Rb8 24. Red1 Red8 25. Rc4 h5 26. Ng3 hxg4 27. Rxg4 Kf8 28. h4 Nf6 29. Rg5 Rd7 30. Bxc6 Rc7 31. Bg2 Rd8 32. Bh3 b5 33. Bf5 Nh7 34. Rg4 Nf6 35. Rb4 Nd5 36. Rg4 Nf6 37. Rg5 Nh7 1/2-1/2

[Event "Oberliga Ost B 2023 2024"]
[Site "?"]
[Date "2024.01.13"]
[Round "4.4"]
[Board "5"]
[White "Mueller, Maximilian"]
[Black "Alber, Horst"]
[Result "1-0"]
[WhiteElo "2298"]
[BlackElo "2234"]
[PlyCount "69"]
[EventDate "2023.10.22"]
[EventType "team-tourn"]
[EventCountry "GER"]
[WhiteTeam "Gernsheim SK"]
[BlackTeam "Marburg SK"]
[WhiteTeamCountry "GER"]
[BlackTeamCountry "GER"]

1. e4 g6 2. d4 Bg7 3. Nc3 d6 4. f4 Nc6 5. Be3 Nf6 6. h3 O-O 7. Nf3 e5 8. dxe5 dxe5 9. Qxd8 Rxd8 10. fxe5 Nh5 11. Bg5 Rf8 12. Bb5 h6 13. Be3 Ng3 14. Rg1 Nxe5 15. Bc5 c6 16. Bxf8 Kxf8 17. Bd3 Be6 18. Kf2 Nxf3 19. Kxf3 Be5 20. Rgd1 b5 21. Rab1 a6 22. a3 Ke7 23. Ne2 Nxe2 24. Bxe2 h5 25. b3 a5 26. a4 b4 27. Bc4 Bxc4 28. bxc4 Ke6 29. Rd3 Rf8 30. Rbd1 c5 31. Rd8 Rxd8 32. Rxd8 Bc3 33. Ke3 f6 34. Ra8 g5 35. Rxa5 1-0

[Event "Oberliga Ost B 2023 2024"]
[Site "?"]
[Date "2024.01.13"]
[Round "4.4"]
[Board "6"]
[White "Henrich, Thomas"]
[Black "Peterson, Emery"]
[Result "1/2-1/2"]
[WhiteElo "2101"]
[BlackElo "2173"]
[PlyCount "43"]
[EventDate "2023.10.22"]
[EventType "team-tourn"]
[EventCountry "GER"]
[WhiteTeam "Marburg SK"]
[BlackTeam "Gernsheim SK"]
[WhiteTeamCountry "GER"]
[BlackTeamCountry "GER"]

1. d4 e6 2. Nf3 d5 3. c4 Nf6 4. Nc3 Be7 5. Bg5 O-O 6. e3 b6 7. Bxf6 Bxf6 8. cxd5 exd5 9. Bd3 Be6 10. Qc2 h6 11. Rd1 c5 12. dxc5 bxc5 13. O-O Nc6 14. a3 Rc8 15. Bh7+ Kh8 16. Bf5 Bxc3 17. Bxe6 fxe6 18. Qxc3 Rxf3 19. gxf3 Qg5+ 20. Kh1 Qh5 21. f4 Qf3+ 22. Kg1 1/2-1/2

[Event "Oberliga Ost B 2023 2024"]
[Site "?"]
[Date "2024.01.13"]
[Round "4.4"]
[Board "7"]
[White "Rosenberger, Frank"]
[Black "Rolle, Eric"]
[Result "1/2-1/2"]
[WhiteElo "2012"]
[BlackElo "2126"]
[PlyCount "106"]
[EventDate "2023.10.22"]
[EventType "team-tourn"]
[EventCountry "GER"]
[WhiteTeam "Gernsheim SK"]
[BlackTeam "Marburg SK"]
[WhiteTeamCountry "GER"]
[BlackTeamCountry "GER"]

1. e4 d5 2. exd5 Qxd5 3. Nc3 Qd6 4. d4 Nf6 5. Nf3 a6 6. h3 Nc6 7. Be3 Be6 8. Qd2 O-O-O 9. a3 h6 10. Bf4 Qd7 11. O-O-O g5 12. Bh2 Bg7 13. Ne5 Qe8 14. Qe3 Nd5 15. Nxd5 Bxd5 16. c4 Bxe5 17. Bxe5 Nxe5 18. Qxe5 Qc6 19. Kb1 Be4+ 20. Ka1 f6 21. Qg3 e5 22. d5 Qd7 23. Qe3 Qa4 24. Bd3 Bxd3 25. Qxd3 Kb8 26. Rd2 Rhe8 27. f3 Re7 28. Rc1 Red7 29. Qg6 Qa5 30. Rdc2 Rd6 31. Qxh6 c6 32. c5 Rxd5 33. Qxf6 Rg8 34. Qe7 Ka7 35. Qf7 Rgd8 36. Qf5 Rg8 37. Qe4 Rf8 38. Qg6 Qd8 39. Qg7 Rf4 40. Qg6 Rd3 41. Qe6 Re3 42. Qg6 Rd4 43. Qf5 Rdd3 44. Rc3 Rxc3 45. Rxc3 Re1+ 46. Ka2 Qd5+ 47. Rb3 Re3 48. Qc2 e4 49. fxe4 Rxe4 50. Qc3 Re7 51. Qa5 Rd7 52. Qb6+ Ka8 53. g4 Qf7 1/2-1/2

[Event "Oberliga Ost B 2023 2024"]
[Site "?"]
[Date "2024.01.13"]
[Round "4.4"]
[Board "8"]
[White "Duncker, Joachim"]
[Black "Nies, Peter"]
[Result "0-1"]
[WhiteElo "2152"]
[BlackElo "2058"]
[PlyCount "126"]
[EventDate "2023.10.22"]
[EventType "team-tourn"]
[EventCountry "GER"]
[WhiteTeam "Marburg SK"]
[BlackTeam "Gernsheim SK"]
[WhiteTeamCountry "GER"]
[BlackTeamCountry "GER"]

1. e4 e6 2. d4 d5 3. exd5 exd5 4. Nf3 Bg4 5. h3 Bh5 6. Qe2+ Ne7 7. Nc3 Nbc6 8. g4 Bg6 9. Bf4 Nb4 10. O-O-O Bxc2 11. Qb5+ Nec6 12. Re1+ Be7 13. a3 a6 14. Rxe7+ Qxe7 15. Qxb7 O-O 16. axb4 Be4 17. Nxe4 Qxe4 18. Nd2 Qe1+ 19. Kc2 Nxd4+ 20. Kd3 Ne6 21. Be3 Qc1 22. Bg2 Qxb2 23. Qc6 Qf6 24. Rc1 d4 25. Ne4 Qe5 26. Bd2 Rab8 27. Ke2 Rb6 28. Qc4 h5 29. Kf1 hxg4 30. hxg4 Qh2 31. Nc5 Nf4 32. Bxf4 Qxf4 33. Rd1 Rd8 34. Bd5 Rf6 35. Ne4 Rh6 36. Ng3 c6 37. Rxd4 cxd5 38. Rxf4 dxc4 39. Rxc4 Rb8 40. Nf5 Rh1+ 41. Kg2 Re1 42. Ne3 g6 43. Rc6 Ra1 44. Nd5 Kg7 45. Rc5 Rb5 46. Rxb5 axb5 47. Nc3 Ra3 48. Nxb5 Rb3 49. f3 Rxb4 50. Nc3 Rb2+ 51. Kg3 Kf6 52. Nd1 Rb3 53. Nf2 Ke5 54. Nh3 Kd4 55. g5 Ke3 56. Nf4 Rb5 57. Ng2+ Ke2 58. Nf4+ Kf1 59. Nh3 Ra5 60. Kg4 Ke2 61. Nf4+ Ke3 62. Ng2+ Kf2 63. Nh4 Ra3 0-1

[Event "Oberliga Ost B 2023 2024"]
[Site "?"]
[Date "2024.01.13"]
[Round "4.5"]
[Board "1"]
[White "Popovics, Adam"]
[Black "Dolzhykova, Kateryna"]
[Result "1/2-1/2"]
[WhiteElo "2364"]
[BlackElo "2227"]
[PlyCount "67"]
[EventDate "2023.10.22"]
[EventType "team-tourn"]
[EventCountry "GER"]
[WhiteTeam "Eppstein SVG"]
[BlackTeam "Oberursel SV"]
[WhiteTeamCountry "GER"]
[BlackTeamCountry "GER"]

1. d4 Nf6 2. c4 g6 3. Nc3 Bg7 4. e4 d6 5. h3 O-O 6. Be3 c5 7. Nf3 cxd4 8. Nxd4 Nc6 9. Be2 Bd7 10. O-O Nxd4 11. Bxd4 Bc6 12. Qd3 a5 13. b3 Nd7 14. Rad1 Nc5 15. Qe3 Bxd4 16. Qxd4 e5 17. Qxd6 Qxd6 18. Rxd6 Nxe4 19. Nxe4 Bxe4 20. Re1 Bc6 21. Bf1 e4 22. a3 Rfd8 23. Red1 Rxd6 24. Rxd6 Kf8 25. c5 Ke7 26. Bc4 f5 27. Kh2 Rd8 28. Re6+ Kf8 29. Rf6+ Kg7 30. Rf7+ Kh6 31. g4 fxg4 32. hxg4 Kg5 33. Rxh7 Kxg4 34. Rg7 1/2-1/2

[Event "Oberliga Ost B 2023 2024"]
[Site "?"]
[Date "2024.01.13"]
[Round "4.5"]
[Board "2"]
[White "Heinz, Axel"]
[Black "Berebora, Ferenc"]
[Result "1/2-1/2"]
[WhiteElo "2430"]
[BlackElo "2398"]
[PlyCount "75"]
[EventDate "2023.10.22"]
[EventType "team-tourn"]
[EventCountry "GER"]
[WhiteTeam "Oberursel SV"]
[BlackTeam "Eppstein SVG"]
[WhiteTeamCountry "GER"]
[BlackTeamCountry "GER"]

1. e4 c5 2. Nf3 e6 3. d4 cxd4 4. Nxd4 Nc6 5. Nc3 Qc7 6. Be2 Nf6 7. Be3 a6 8. O-O Be7 9. f4 d6 10. Kh1 O-O 11. Qe1 Nxd4 12. Bxd4 b5 13. a3 Bb7 14. Qg3 Bc6 15. Rae1 Qb7 16. Bd3 g6 17. e5 Nh5 18. Qh3 dxe5 19. fxe5 Rfd8 20. Be3 b4 21. axb4 Qxb4 22. Bd2 Qxb2 23. Ne4 Bxe4 24. Rxe4 Qb7 25. Qf3 Bf8 26. Ra1 Rd7 27. Rea4 Qxf3 28. gxf3 Bg7 29. f4 g5 30. fxg5 Bxe5 31. Rxa6 Rxa6 32. Rxa6 Nf4 33. Bxf4 Bxf4 34. Ra4 Bd2 35. Kg2 Kg7 36. h4 h6 37. gxh6+ Bxh6 38. Kg3 1/2-1/2

[Event "Oberliga Ost B 2023 2024"]
[Site "?"]
[Date "2024.01.13"]
[Round "4.5"]
[Board "3"]
[White "Doluhanova, Evgeniya"]
[Black "Margolin, Boris"]
[Result "1/2-1/2"]
[WhiteElo "2224"]
[BlackElo "2383"]
[PlyCount "132"]
[EventDate "2023.10.22"]
[EventType "team-tourn"]
[EventCountry "GER"]
[WhiteTeam "Eppstein SVG"]
[BlackTeam "Oberursel SV"]
[WhiteTeamCountry "GER"]
[BlackTeamCountry "GER"]

{[%evp 0,64,23,-11,39,30,14,14,57,18,11,16,4,1,1,4,3,11,11,19,10,7,29,27,21,-6,13,6,-1,-10,-4,-22,37,1,-26,-31,-11,-18,-18,-43,-32,-44,-98,-84,-84,-49,-4,-62,108,-73,80,127,134,146,136,122,211,137,177,167,136,146,138,0,731,666,762]} 1. c4 c5 2. Nf3 Nc6 3. Nc3 g6 4. d4 cxd4 5. Nxd4 Bg7 6. Nxc6 bxc6 7. e4 d6 8. Be2 Nf6 9. O-O O-O 10. Be3 Qc7 11. h3 Rb8 12. Qc2 Nd7 13. Rac1 Nc5 14. Bf3 f5 15. b3 Ne6 16. exf5 gxf5 17. Qd1 f4 18. Bd2 Nd4 19. Be4 f3 20. Be3 e5 21. Qd3 fxg2 22. Kxg2 Nf5 23. Rg1 Nh4+ 24. Kf1 Bf5 25. Bg5 Bxe4 26. Nxe4 Ng6 27. Qxd6 Qf7 28. Qd1 h6 29. Be3 Nf4 30. Qg4 Rbd8 31. Nc5 Rd6 32. Bxf4 exf4 33. Re1 h5 34. Qxg7+ Qxg7 35. Rxg7+ Kxg7 36. Ne6+ Rxe6 37. Rxe6 f3 38. Ke1 Kf7 39. Re5 Kf6 40. Rxh5 Re8+ 41. Kf1 Rd8 42. Ke1 Re8+ 43. Kd2 Re2+ 44. Kd3 Rxf2 45. Ke3 Rxa2 46. Kxf3 Rb2 47. Ke4 Rxb3 48. Rh6+ Ke7 49. Ke5 Rd3 50. h4 c5 51. Rh7+ Kd8 52. Rh8+ Ke7 53. h5 a5 54. h6 Rh3 55. Kd5 Rh5+ 56. Kc6 a4 57. h7 Kf7 58. Ra8 Rxh7 59. Ra7+ Kg8 60. Rxa4 Rh6+ 61. Kxc5 Kf7 62. Ra8 Ke7 63. Kb5 Kd7 64. c5 Kc7 65. Rg8 Rf6 66. Rg7+ Kc8 1/2-1/2

[Event "Oberliga Ost B 2023 2024"]
[Site "?"]
[Date "2024.01.13"]
[Round "4.5"]
[Board "4"]
[White "Weber, Samuel"]
[Black "Hoffmeister, Frank"]
[Result "1/2-1/2"]
[WhiteElo "2237"]
[BlackElo "2157"]
[PlyCount "44"]
[EventDate "2023.10.22"]
[EventType "team-tourn"]
[EventCountry "GER"]
[WhiteTeam "Oberursel SV"]
[BlackTeam "Eppstein SVG"]
[WhiteTeamCountry "GER"]
[BlackTeamCountry "GER"]

1. c4 c6 2. e4 d5 3. exd5 cxd5 4. d4 Nf6 5. Nc3 e6 6. Nf3 Be7 7. Bf4 dxc4 8. Bxc4 O-O 9. O-O Nc6 10. a3 b6 11. Rc1 Bb7 12. Qd3 Na5 13. Ba2 Rc8 14. b4 Nc6 15. Bb1 g6 16. Bh6 Re8 17. Ba2 a5 18. b5 Na7 19. Ne5 Bxa3 20. Bg5 Be7 21. Qh3 Rxc3 22. Rxc3 Ne4 1/2-1/2

[Event "Oberliga Ost B 2023 2024"]
[Site "?"]
[Date "2024.01.13"]
[Round "4.5"]
[Board "5"]
[White "Paschke, Mario"]
[Black "Dubiel, Jacek"]
[Result "1/2-1/2"]
[WhiteElo "2180"]
[BlackElo "2376"]
[PlyCount "52"]
[EventDate "2023.10.22"]
[EventType "team-tourn"]
[EventCountry "GER"]
[WhiteTeam "Eppstein SVG"]
[BlackTeam "Oberursel SV"]
[WhiteTeamCountry "GER"]
[BlackTeamCountry "GER"]

1. e4 c5 2. Nc3 e6 3. Nf3 a6 4. g3 b5 5. Bg2 Bb7 6. d4 Nf6 7. e5 cxd4 8. Qxd4 Nd5 9. Nxd5 Bxd5 10. O-O Nc6 11. Qf4 Be7 12. Qg4 Kf8 13. Rd1 Rc8 14. a4 b4 15. c4 bxc3 16. bxc3 Na5 17. Rxd5 exd5 18. Nd4 h5 19. Qf4 Kg8 20. Bxd5 Qe8 21. Nf5 Nc6 22. c4 Nd8 23. Nxe7+ Qxe7 24. Ba3 Qe8 25. Bd6 h4 26. gxh4 Ne6 1/2-1/2

[Event "Oberliga Ost B 2023 2024"]
[Site "?"]
[Date "2024.01.13"]
[Round "4.5"]
[Board "6"]
[White "Schlamp, Robert"]
[Black "Marschner, Thomas"]
[Result "1/2-1/2"]
[WhiteElo "2264"]
[BlackElo "1939"]
[PlyCount "51"]
[EventDate "2023.10.22"]
[EventType "team-tourn"]
[EventCountry "GER"]
[WhiteTeam "Oberursel SV"]
[BlackTeam "Eppstein SVG"]
[WhiteTeamCountry "GER"]
[BlackTeamCountry "GER"]

1. e4 c5 2. Nf3 Nc6 3. d3 g6 4. Be2 Bg7 5. O-O d6 6. Nbd2 Nf6 7. c3 e5 8. a3 O-O 9. b4 b6 10. Bb2 Bb7 11. b5 Ne7 12. Re1 Qc7 13. Bf1 Nd7 14. d4 exd4 15. cxd4 d5 16. Qc2 Rac8 17. Rac1 Qf4 18. g3 Qd6 19. e5 Qb8 20. Qa4 cxd4 21. Rxc8 Rxc8 22. Bh3 Nc5 23. Qxd4 Re8 24. Ng5 h6 25. Nxf7 Nf5 26. Bxf5 1/2-1/2

[Event "Oberliga Ost B 2023 2024"]
[Site "?"]
[Date "2024.01.13"]
[Round "4.5"]
[Board "7"]
[White "Steyer, Bernd"]
[Black "Yavorovsky, Valeriy"]
[Result "0-1"]
[WhiteElo "2157"]
[BlackElo "2345"]
[PlyCount "100"]
[EventDate "2023.10.22"]
[EventType "team-tourn"]
[EventCountry "GER"]
[WhiteTeam "Eppstein SVG"]
[BlackTeam "Oberursel SV"]
[WhiteTeamCountry "GER"]
[BlackTeamCountry "GER"]

1. e4 e6 2. d4 d5 3. Nc3 Nf6 4. Bg5 dxe4 5. Nxe4 Be7 6. Bxf6 Bxf6 7. Nf3 O-O 8. c3 Nd7 9. Bd3 e5 10. Nxf6+ Qxf6 11. dxe5 Nxe5 12. Be4 Bg4 13. O-O Rad8 14. Qe2 Nxf3+ 15. Bxf3 Rfe8 16. Qc4 Bxf3 17. gxf3 c6 18. Rad1 Qxf3 19. Rxd8 Rxd8 20. Re1 h5 21. Qe4 Qxe4 22. Rxe4 Kf8 23. Kg2 f6 24. Re2 Kf7 25. Kf3 Rd3+ 26. Kg2 g5 27. h3 Rd5 28. Kf3 Rf5+ 29. Kg3 Rd5 30. Kf3 a5 31. Kg3 a4 32. a3 Rd3+ 33. Kg2 Rd5 34. Kf3 Kg6 35. Kg3 Kf5 36. f3 Re5 37. Rd2 h4+ 38. Kf2 Ke6 39. Rd4 Rb5 40. Rd2 Rd5 41. Re2+ Kd6 42. Kf1 b5 43. Rg2 Re5 44. Rd2+ Kc5 45. Kf2 Rd5 46. Re2 Kc4 47. Re4+ Kb3 48. Rb4+ Kc2 49. Ke3 Re5+ 50. Kf2 Rc5 0-1

[Event "Oberliga Ost B 2023 2024"]
[Site "?"]
[Date "2024.01.13"]
[Round "4.6"]
[Board "1"]
[White "Gloeckler, Christian"]
[Black "Sadeghi, Behrang"]
[Result "1-0"]
[WhiteElo "2354"]
[BlackElo "2236"]
[PlyCount "83"]
[EventDate "2023.10.22"]
[EventType "team-tourn"]
[EventCountry "GER"]
[WhiteTeam "Wiesbadener SV"]
[BlackTeam "Homburg Bad SK"]
[WhiteTeamCountry "GER"]
[BlackTeamCountry "GER"]

1. e4 c6 2. d4 d5 3. exd5 cxd5 4. Bd3 Nf6 5. c3 Bg4 6. Qb3 Qc7 7. h3 Bd7 8. Ne2 Nc6 9. Bf4 e5 10. dxe5 Nxe5 11. Bxe5 Qxe5 12. Qxb7 Rb8 13. Qxa7 Rxb2 14. f4 Qd6 15. Nd2 Qa3 16. Qe3+ Kd8 17. Nf3 Bc5 18. Qc1 Rxa2 19. Qxa3 Rxa3 20. Rxa3 Bxa3 21. Kd2 Ke7 22. Ra1 Bc5 23. Ne5 g6 24. Kc2 Rc8 25. Ra6 Be8 26. g4 Ne4 27. c4 f6 28. Nf3 Nf2 29. Nc3 dxc4 30. Bxc4 Bc6 31. Bd5 Bd7 32. Bb7 Rb8 33. Nd5+ Kd8 34. Bc6 Bc8 35. Ra1 Ne4 36. Re1 Nd6 37. Nxf6 h6 38. Nd5 Bd7 39. Ne5 Bxc6 40. Nxc6+ Kc8 41. Nxb8 Kxb8 42. Re6 1-0

[Event "Oberliga Ost B 2023 2024"]
[Site "?"]
[Date "2024.01.13"]
[Round "4.6"]
[Board "2"]
[White "Lesny, Florian"]
[Black "Khenkin, Igor"]
[Result "0-1"]
[WhiteElo "2196"]
[BlackElo "2503"]
[PlyCount "68"]
[EventDate "2023.10.22"]
[EventType "team-tourn"]
[EventCountry "GER"]
[WhiteTeam "Homburg Bad SK"]
[BlackTeam "Wiesbadener SV"]
[WhiteTeamCountry "GER"]
[BlackTeamCountry "GER"]

1. e4 e6 2. d4 d5 3. e5 c5 4. c3 Qb6 5. Nf3 Bd7 6. a3 a5 7. Bd3 a4 8. O-O Bb5 9. Bxb5+ Qxb5 10. Nbd2 Nc6 11. dxc5 Bxc5 12. Qc2 Nge7 13. c4 dxc4 14. Nxc4 Nf5 15. Be3 Nxe3 16. fxe3 O-O 17. Rad1 Na5 18. Nfd2 Rac8 19. Kh1 Bxe3 20. Qe4 Nxc4 21. Nxc4 Rxc4 22. Qxe3 Qxb2 23. Rd7 h6 24. h3 Rc2 25. Qf3 Rc1 26. Rxc1 Qxc1+ 27. Kh2 b5 28. Rb7 Qc5 29. Qe2 Qxa3 30. Qxb5 Qe3 31. Qxa4 Qxe5+ 32. Kh1 Qe1+ 33. Kh2 Qe5+ 34. Kh1 Rb8 0-1

[Event "Oberliga Ost B 2023 2024"]
[Site "?"]
[Date "2024.01.13"]
[Round "4.6"]
[Board "3"]
[White "Geske, Julian"]
[Black "Lenz, Jonas"]
[Result "1-0"]
[WhiteElo "2392"]
[BlackElo "2154"]
[PlyCount "41"]
[EventDate "2023.10.22"]
[EventType "team-tourn"]
[EventCountry "GER"]
[WhiteTeam "Wiesbadener SV"]
[BlackTeam "Homburg Bad SK"]
[WhiteTeamCountry "GER"]
[BlackTeamCountry "GER"]

1. e4 e5 2. Nf3 Nc6 3. Bb5 a6 4. Ba4 Nf6 5. O-O Be7 6. d3 d6 7. c3 b5 8. Bc2 O-O 9. Re1 Be6 10. Nbd2 Re8 11. d4 Bg4 12. h3 Bh5 13. d5 Nb8 14. a4 c6 15. axb5 cxd5 16. exd5 Nbd7 17. bxa6 Nxd5 18. Nc4 N7f6 19. g4 Qc8 20. Ra4 Nxg4 21. Nxd6 1-0

[Event "Oberliga Ost B 2023 2024"]
[Site "?"]
[Date "2024.01.13"]
[Round "4.6"]
[Board "4"]
[White "Wolf, Ulrich Martin"]
[Black "Dubkov, Andrej"]
[Result "1/2-1/2"]
[WhiteElo "2195"]
[BlackElo "2368"]
[PlyCount "42"]
[EventDate "2023.10.22"]
[EventType "team-tourn"]
[EventCountry "GER"]
[WhiteTeam "Homburg Bad SK"]
[BlackTeam "Wiesbadener SV"]
[WhiteTeamCountry "GER"]
[BlackTeamCountry "GER"]

1. d4 Nf6 2. Nf3 g6 3. Bg5 Bg7 4. Nbd2 d5 5. Bxf6 exf6 6. g3 O-O 7. Bg2 Re8 8. O-O c6 9. a4 a5 10. Re1 Na6 11. c3 f5 12. e3 Bf8 13. Ne5 Bd6 14. Nd3 Be6 15. Nf4 Re7 16. Nb3 Qb6 17. Qc2 Rae8 18. Nc1 Kg7 19. Ncd3 f6 20. Nxe6+ Rxe6 21. Reb1 R6e7 1/2-1/2

[Event "Oberliga Ost B 2023 2024"]
[Site "?"]
[Date "2024.01.13"]
[Round "4.6"]
[Board "5"]
[White "Anwesh, Upadhyaya"]
[Black "Kaliski, Erwin"]
[Result "1-0"]
[WhiteElo "2348"]
[BlackElo "2209"]
[PlyCount "87"]
[EventDate "2023.10.22"]
[EventType "team-tourn"]
[EventCountry "GER"]
[WhiteTeam "Wiesbadener SV"]
[BlackTeam "Homburg Bad SK"]
[WhiteTeamCountry "GER"]
[BlackTeamCountry "GER"]

1. e4 e6 2. d4 d5 3. Nc3 Nf6 4. Bg5 Be7 5. exd5 Nxd5 6. Bxe7 Qxe7 7. Qd2 Qb4 8. Nxd5 Qxd2+ 9. Kxd2 exd5 10. Re1+ Be6 11. Nh3 O-O 12. Nf4 Nd7 13. g3 Rae8 14. Nxe6 fxe6 15. f4 Nf6 16. Bd3 Kf7 17. Re2 Re7 18. Rhe1 Rfe8 19. b4 g6 20. a4 c6 21. Ke3 b6 22. Kf3 Nd7 23. c4 c5 24. dxc5 bxc5 25. cxd5 exd5 26. Bb5 Rxe2 27. Rxe2 Rxe2 28. Kxe2 Nf8 29. bxc5 Ne6 30. c6 Ke7 31. Ke3 Kd6 32. Bd3 Nc5 33. f5 gxf5 34. Bxf5 Nxa4 35. Bxh7 Kxc6 36. h4 Kd6 37. h5 Ke5 38. h6 Nc5 39. Bf5 Kf6 40. g4 a5 41. g5+ Kf7 42. g6+ Kf6 43. g7 Kf7 44. Bh7 1-0

[Event "Oberliga Ost B 2023 2024"]
[Site "?"]
[Date "2024.01.13"]
[Round "4.6"]
[Board "6"]
[White "Schmidt, Walter"]
[Black "Ochs, Daniel Elias"]
[Result "1/2-1/2"]
[WhiteElo "2200"]
[BlackElo "2280"]
[PlyCount "64"]
[EventDate "2023.10.22"]
[EventType "team-tourn"]
[EventCountry "GER"]
[WhiteTeam "Homburg Bad SK"]
[BlackTeam "Wiesbadener SV"]
[WhiteTeamCountry "GER"]
[BlackTeamCountry "GER"]

1. e4 c5 2. Nf3 d6 3. d4 cxd4 4. Nxd4 Nf6 5. Nc3 a6 6. Bc4 e6 7. a3 b5 8. Ba2 Be7 9. O-O O-O 10. f4 Bb7 11. f5 e5 12. Nde2 Nbd7 13. Ng3 Rc8 14. Bg5 Rxc3 15. bxc3 Nxe4 16. Bxe7 Qxe7 17. Nxe4 Bxe4 18. c4 Nf6 19. cxb5 axb5 20. Qe2 d5 21. Bb3 Rb8 22. a4 bxa4 23. Rxa4 h6 24. h3 Rc8 25. Qf2 Rc7 26. Re1 Qd7 27. Ra6 Nh7 28. Ra4 Qe7 29. Ra5 Qb4 30. Ra4 Qc3 31. Re3 Qb2 32. Ra2 Qd4 1/2-1/2

[Event "Oberliga Ost B 2023 2024"]
[Site "?"]
[Date "2024.01.13"]
[Round "4.6"]
[Board "7"]
[White "Minor, Samuel"]
[Black "Erdmann, Stefan"]
[Result "1-0"]
[WhiteElo "2211"]
[BlackElo "2110"]
[PlyCount "69"]
[EventDate "2023.10.22"]
[EventType "team-tourn"]
[EventCountry "GER"]
[WhiteTeam "Wiesbadener SV"]
[BlackTeam "Homburg Bad SK"]
[WhiteTeamCountry "GER"]
[BlackTeamCountry "GER"]

1. e4 c5 2. Nf3 Nc6 3. Bb5 d6 4. O-O Bd7 5. Re1 Nf6 6. c3 a6 7. Bf1 Bg4 8. h3 Bxf3 9. Qxf3 g6 10. Na3 Bg7 11. Nc2 Nd7 12. d3 O-O 13. Qd1 Qb6 14. f4 e6 15. Kh1 f5 16. g3 Nf6 17. Bg2 Nh5 18. Kh2 Rae8 19. Ne3 Qd8 20. exf5 exf5 21. Qb3+ Kh8 22. Qxb7 Ne5 23. Rd1 Nxf4 24. gxf4 Qh4 25. fxe5 f4 26. Nf5 Rxf5 27. Qf3 h5 28. Bd2 Bxe5 29. Be1 Qf6 30. d4 Bxd4 31. cxd4 cxd4 32. Bf2 Re3 33. Bxe3 fxe3 34. Qe4 Rf4 35. Rf1 1-0

[Event "Oberliga Ost B 2023 2024"]
[Site "?"]
[Date "2024.01.13"]
[Round "4.6"]
[Board "8"]
[White "Dunsbach, Ralf"]
[Black "Gottschalk, Jens"]
[Result "0-1"]
[WhiteElo "2068"]
[BlackElo "2213"]
[PlyCount "132"]
[EventDate "2023.10.22"]
[EventType "team-tourn"]
[EventCountry "GER"]
[WhiteTeam "Homburg Bad SK"]
[BlackTeam "Wiesbadener SV"]
[WhiteTeamCountry "GER"]
[BlackTeamCountry "GER"]

1. Nf3 d5 2. c4 c6 3. g3 Nf6 4. Bg2 Bg4 5. Ne5 Bf5 6. cxd5 cxd5 7. Qa4+ Nbd7 8. Nc3 e6 9. g4 Bg6 10. h4 Bd6 11. Nxd7 Qxd7 12. Qxd7+ Kxd7 13. h5 Bc2 14. g5 Ne4 15. Nxe4 Bxe4 16. Bxe4 dxe4 17. Rh4 f5 18. d3 exd3 19. Rd4 e5 20. Rxd3 Ke6 21. Bd2 Rhd8 22. Bc3 e4 23. Rh3 Bf4 24. e3 Be5 25. Bxe5 Kxe5 26. Rd1 Rac8 27. Rxd8 Rxd8 28. f4+ exf3 29. Rxf3 Rd5 30. Rf4 Rb5 31. b4 a5 32. a3 axb4 33. axb4 Rb6 34. Ke2 h6 35. g6 Ra6 36. Rc4 Kf6 37. Rc7 Rb6 38. Kf3 Rxb4 39. Rf7+ Kg5 40. Rxg7 Kxh5 41. Rg8 b5 42. g7 Kg6 43. Rf8 Kxg7 44. Rxf5 Kg6 45. Rc5 h5 46. e4 Rb1 47. Rc6+ Kg5 48. Rc5+ Kg6 49. Rc6+ Kf7 50. Rh6 b4 51. Rxh5 b3 52. Rb5 Ke6 53. Kg2 Kd6 54. e5+ Kc6 55. Rb8 Kd5 56. Rb5+ Kc4 57. Rb8 Re1 58. Rc8+ Kb4 59. Rb8+ Kc3 60. Rc8+ Kd2 61. Rb8 Kc2 62. Rc8+ Kb1 63. Rc5 b2 64. Kf2 Rc1 65. Rb5 Ka2 66. Kf3 Rc4 0-1